| 000 | 00850nam a22002177a 4500 | ||
|---|---|---|---|
| 999 |
_c7886 _d7886 |
||
| 003 | AR-CdUCM | ||
| 008 | 190321b ||||| |||| 00| 0 spa d | ||
| 040 |
_aMUNICIPALIDAD PROVINCIAL DEL CUSCO _cBIBLIOTECA MUNICIPAL DEL CUSCO |
||
| 082 |
_26ed. _a613.03 / _bM64 |
||
| 100 |
_aMiroli, Alejandro B. _922299 |
||
| 245 | _aEnciclopedia de conocimientos médicos / | ||
| 260 |
_aBuenos Aires : _bEl Ateneo, _c1980. |
||
| 300 |
_a786 páginas ; _bIlustraciones, _c26 cm. |
||
| 500 | _z | ||
| 505 | _aContenido: t.2 -- Enfermedades del aparato locomotor -- Enfermedades de los huesos -- Enfermedades de las articulaciones -- Enfermedades de los músculos -- Enfermedades reumáticas -- Enfermedades del colágeno ... | ||
| 650 |
_aEnciclopedias _96681 |
||
| 650 |
_aTerapéutica _919478 |
||
| 650 |
_aSalud _98684 |
||
| 942 |
_2ddc _cLIBROS |
||
| 945 | _aacv | ||